Автоматизированная система контроля испытаний газотурбинных двигателей; Современные технологии автоматизации; № 1

Библиографические подробности
Источник:Современные технологии автоматизации: производственно-технический журнал.— , 2000-.— 0206-975X
№ 1.— 2002.— С. 48-55
Другие авторы: Севрюгин Н. Николай, Потапов И. Игорь, Попов А. Александр, Цирихов А. Андрей
Язык:русский
Опубликовано: 2002
Серии:Разработки Авиация
Предметы:
Формат: MixedMaterials Статья
Запись в KOHA:https://koha.lib.tpu.ru/cgi-bin/koha/opac-detail.pl?biblionumber=381580

MARC

LEADER 00000naa2a2200000 4500
001 381580
005 20231101062838.0
035 |a (RuTPU)RU\TPU\prd\4356 
090 |a 381580 
100 |a 20020531a2002 k y0rusy50 ca 
101 0 |a rus 
102 |a RU 
200 1 |a Автоматизированная система контроля испытаний газотурбинных двигателей   |f Н. Севрюгин, И. Потапов, А. Попов, А. Цирихов 
225 1 |a Разработки  |d Авиация 
320 |a Библиогр.: 2 назв. 
461 1 |0 (RuTPU)RU\TPU\prd\1759  |x 0206-975X  |t Современные технологии автоматизации  |o производственно-технический журнал  |d 2000- 
463 1 |0 (RuTPU)RU\TPU\prd\3833  |t № 1  |v С. 48-55  |d 2002 
610 1 |a системы контроля 
610 1 |a контроль 
610 1 |a автоматизированные системы контроля 
610 1 |a газотурбинные двигатели 
610 1 |a авиационные двигатели 
610 1 |a серийное производство 
610 1 |a создание системы 
610 1 |a применение 
610 1 |a предприятия 
610 1 |a Сатурн 
701 1 |a Севрюгин  |b Н.  |g Николай 
701 1 |a Потапов  |b И.  |g Игорь 
701 1 |a Попов  |b А.  |g Александр 
701 1 |a Цирихов  |b А.  |g Андрей 
801 1 |a RU  |b 63413507  |c 20020531  |g PSBO 
801 2 |a RU  |b 63413507  |c 20131217  |g PSBO 
942 |c BK